000 01018cam a22002773a 4500
001 17730
003 PGUSA
005 20140828083358.0
008 060209s2006||||xxu|||||s|||||000 | eng d
040 _aPGUSA
_beng
042 _adc
050 4 _aE011
050 4 _aTS
100 1 _aHolmes, William Henry,
_d1846-1933
245 1 2 _aA Study Of The Textile Art In Its Relation To The Development Of Form And Ornament :
_bSixth Annual Report of the Bureau of Ethnology to the Secretary of the Smithsonian Institution, 1884-'85, Government Printing Office, Washington, 1888, (pages 189-252)
_h[electronic resource] /
_cWilliam Henry Holmes
260 _bProject Gutenberg,
_c2006
506 _aPublic domain in the USA.
516 _aElectronic text
653 _aDecoration and ornament
653 _aTextile fabrics
653 _aIndian textile fabrics -- North America
653 _aTextile industry
830 0 _aProject Gutenberg
_v17730
856 4 0 _uhttp://www.gutenberg.org/ebooks/17730
942 _cEB
999 _c246985
_d246985